000 01063nam a2200313 i 4500
001 8271
003 KOSZ 005
005 20191008114848.0
008 170701s1963 pl a f 000 0 pol
040 _aWA N
_cWA N
_dKOSZ 005/RW
_dKOSZ 005/HR
046 _k1963
080 _a669.1
245 0 0 _aTablice stali jakościowych /
_cJan Famuła [et al.].
250 _aWyd.3 popr. i uzup.
260 _aKatowice :
_bWydawnictwo "Śląsk",
_c1963.
300 _a650 s. :
_berr. ;
_c23 cm.
336 _2rdacontent
_aTekst
_btxt
337 _2rdamedia
_aBez urządzenia pośredniczącego
_bn
338 _2rdacarrier
_aWolumin
_bnc
380 _aKsiążki
388 _a1901-2000
521 _aDla pracowników biur zaopatrzenia i wydziałów produkcyjno-technicznych.
658 _aInżynieria i technika
650 4 _aStal
700 1 _aFamuła, Jan.
_eAutor
710 2 _aWydawnictwo "Śląsk"
_4pbl.
856 _uhttp://koha.tu.koszalin.pl/cgi-bin/koha/opac-detail.pl?biblionumber=8271
_yKatalog online BPK
942 _cKS
_2UKD
999 _c8271
_d8271